| 000 | 01046cam a2200325 a 4500 | ||
|---|---|---|---|
| 001 | 22434 | ||
| 003 | SK-KTurca | ||
| 005 | 20260328112734.0 | ||
| 008 | 240606s1994 xo e 0000f slo | ||
| 015 | _aSNBA1994/05 | ||
| 020 |
_a8071181005 _q(viaz.) |
||
| 035 | _aSNK000017973 | ||
| 040 |
_aSNK _bslo _cSNK _eAACR2 |
||
| 041 | 1 |
_aslo _heng |
|
| 044 |
_axo _cSK |
||
| 080 |
_a820 (71)-3 _21981 |
||
| 100 | 1 |
_aFielding, Joy, _d1945- _4aut |
|
| 240 | 1 | 4 |
_aThe deep end _lSlovensky |
| 245 | 1 | 0 |
_aAž na dno _cJoy Fieldingová ; z anglického originálu The deep end ... preložila Oľga Kralovičová |
| 260 |
_aBratislava _bIkar _c1994 _eBanská Bystrica _fTlačiarne BB |
||
| 300 |
_a319 s. _c21 cm |
||
| 655 | 7 |
_akanadské romány (anglicky) _2SNKPH |
|
| 655 | 7 |
_apsychologické romány _2SNKPH |
|
| 700 | 1 |
_aKralovičová, Oľga, _d1957- _4trl |
|
| 700 | 1 |
_aHrabušická, Renáta _4ill |
|
| 700 | 1 |
_aFabianová, Viera _4bjk |
|
| 942 |
_2ddc _cKLDO _n0 |
||
| 999 |
_c22434 _d22434 |
||